| 000 | 00398nam a2200157Ia 4500 | ||
|---|---|---|---|
| 008 | 240729s9999 xx 000 0 und d | ||
| 022 | _a2673-5261 | ||
| 245 | 0 | _aJournal of Molecular Pathology | |
| 260 | _aSwitzerland | ||
| 260 | _bMDPI AG | ||
| 650 | _a Pathology | ||
| 650 | _aMedicine | ||
| 856 | _uhttps://doaj.org/toc/d8f9ff9c19564a7dbfdf67c99f0dc2fe | ||
| 942 | _2ddc | ||
| 942 | _cDOAJEJ | ||
| 999 |
_c70431 _d70431 |
||
| 945 |
_a1 _bMadushi Gamage _c1 _dMadushi Gamage |
||